Fish Nutrition in Aquaculture/ (Record no. 757506)

MARC details
000 -LEADER
fixed length control field 00404nam a22001457a 4500
020 ## - INTERNATIONAL STANDARD BOOK NUMBER
ISBN 978-93-81991-31-2
082 ## - DEWEY DECIMAL CLASSIFICATION NUMBER
Classification number 639.3084CHA/F
100 ## - MAIN ENTRY--AUTHOR NAME
Personal name Chandrasekhar,Y.S
245 ## - TITLE STATEMENT
Title Fish Nutrition in Aquaculture/
Statement of responsibility, etc by Y.S. Chandrasekhar
260 ## - PUBLICATION, DISTRIBUTION, ETC. (IMPRINT)
Place of publication .-NewDelhi
Name of publisher :Swastik Publications
Year of publication ,2024
300 ## - PHYSICAL DESCRIPTION
Number of Pages 264p
700 ## - ADDED ENTRY--PERSONAL NAME
Personal name Chandrasekhar,Y.S
942 ## - ADDED ENTRY ELEMENTS (KOHA)
Source of classification or shelving scheme Dewey Decimal Classification
Koha item type Book
Holdings
Withdrawn status Lost status Source of classification or shelving scheme Damaged status Not for loan Home Library Current Location Shelving location Date acquired Source of acquisition Full call number Accession Number Price effective from Koha item type
    Dewey Decimal Classification     Dept. of Aquatic Biology and Fisheries Dept. of Aquatic Biology and Fisheries Processing Center 06/03/2026 SBST/117 639.3084CHA/F AQU6640 11/03/2026 Book